Sběratel sněhu /
V příběhu tří kamarádů a v období tří generací autor zachycuje dramata spojená se Sudety 20. století.
Uloženo v:
| Série: | Tvář,
část 1 |
|---|---|
| Hlavní autor: | |
| Médium: | E-kniha |
| Jazyk: | Czech |
| Vydáno: |
V Praze :
Vyšehrad,
2018
|
| Vydání: | Vydání první |
| Edice: | Tvář (Vyšehrad)
|
| Témata: | |
| On-line přístup: | RECENZE (časopis Párek) |
| Příbuzné jednotky: | Z cyklu::
Tvář |
| Tagy: |
Žádné tagy |
| LEADER | 02237cam a2200421 i 4500 | ||
|---|---|---|---|
| 001 | 310931 | ||
| 003 | CZ PrSKC | ||
| 005 | 20260601215657.0 | ||
| 007 | ta | ||
| 008 | 180917s2018 xr g 000 f cze d | ||
| 015 | |a cnb002977957 | ||
| 020 | |a 9788074299841 |q (vázáno) : |c Kč 299,00 | ||
| 035 | |a (OCoLC)1081358707 | ||
| 040 | |a ABG001 |b cze |d ULG001 |d OLA001 |d ABA001 |e rda | ||
| 072 | 7 | |a 821.162.3-3 |x Česká próza |2 Konspekt | |
| 080 | |a 821.162.3-31 |2 MRF | ||
| 080 | |a (0:82-31) |2 MRF | ||
| 100 | 1 | |a Štifter, Jan, |d 1984- |7 jo2003186416 |4 aut | |
| 245 | 1 | 0 | |a Sběratel sněhu / |c Jan Štifter |
| 250 | |a Vydání první | ||
| 264 | 1 | |a V Praze : |b Vyšehrad, |c 2018 | |
| 300 | |a 295 stran ; |c 17 cm | ||
| 336 | |a text |b txt |2 rdacontent | ||
| 337 | |a bez média |b n |2 rdamedia | ||
| 338 | |a svazek |b nc |2 rdacarrier | ||
| 490 | 1 | |a Tvář ; |v svazek 1. | |
| 520 | 2 | |a V příběhu tří kamarádů a v období tří generací autor zachycuje dramata spojená se Sudety 20. století. |b Zvláštním způsobem vyprávěný příběh tří kamarádů - dvou živých a jednoho mrtvého, kterého ti dva ani nemohli znát, a jejich blízkých. Jejich osudy se časově prolínají, odehrávají se v Českých Budějovicích během 30. a 40. let 20. století, v roce 1956 a děj končí v roce 2017. Autor vykresluje dramata spojená se Sudety té doby - válku, odsun Němců a s tím spojenou poválečnou materiální a morální bídu. | |
| 655 | 7 | |a české romány |7 fd133974 |2 czenas | |
| 655 | 9 | |a Czech fiction |2 eczenas | |
| 830 | 0 | |a Tvář (Vyšehrad) | |
| 856 | 4 | 2 | |u https://issuu.com/knihovnaostrava/docs/parek_prosinec_2018_web |y RECENZE (časopis Párek) |4 N |
| 900 | |a ABA001 |b 19 | ||
| 928 | 9 | |a Albatros Media - Vyšehrad | |
| 044 | |a xr | ||
| 787 | 0 | 8 | |g 1 |i Z cyklu: |t Tvář |
| 910 | |a RBIT002 | ||
| 998 | |d 179111 |a https://core.palmknihy.cz/api/books/179111/cover?pe5u2v |b https://core.palmknihy.cz/api/books/179111/cover/400?pe5u2v |c https://core.palmknihy.cz/api/books/179111/cover/50?pe5u2v |e 2028-06-01 |g 296 |i 9788074299841 |j https://core.palmknihy.cz/api/books/179111/preview.epub |k https://core.palmknihy.cz/api/books/179111/preview.pdf |l |q 49 |r 1 |s https://www.palmknihy.cz/kniha/179111 |t ebook |y 2018 |z 0 |v Tvář |w 1 | ||
| 999 | |d 310929 | ||